| LEADER |
00800nam0a2200193 450 |
| 001 |
16847883 |
| 010 |
|
|
|a 2-87691-687-8
|b Br.
|d 21,9
|
| 100 |
|
|
|a 20020325d2002 u u0frey01 ba
|
| 101 |
0 |
|
|a fre
|
| 102 |
|
|
|a FR
|
| 200 |
0 |
|
|a Feng shui pour les nuls (Le)
|f David Daniel Kennedy
|g trad. de l'américain de Claude Raimond
|
| 207 |
|
1 |
|a
|
| 215 |
|
|
|a 416 p.
|d 23 x 19 cm
|
| 330 |
|
|
|a Des conseils pour améliorer son cadre de vie, de l'emplacement du lit dans la chambre à celui du bureau pour influencer la concentration, en passant par l'agencement du jardin.
|
| 700 |
|
0 |
|a Kennedy
|b David Daniel
|4 70
|
| 702 |
|
0 |
|a Raimond
|b Claude
|4 730
|
| 900 |
|
|
|a Documentaire
|
| 901 |
|
|
|a Accessible au prêt
|
| 995 |
|
|
|a Bibliothèque
|c Bibliothèque
|f 00156006142673
|h 00156006142673
|k 613.1 KEN
|o p
|q a
|r az
|e Bibliothèque
|